Výber terminologických záznamov z poľovníckej zoológie a biológie
Salvato in:
| Autore principale: | |
|---|---|
| Altri autori: | , |
| Natura: | Libro |
| Lingua: | slovacco |
| Pubblicazione: |
České Budějovice
Vysoká škola evropských a regionálních studií
2022
|
| Edizione: | 1. vydanie |
| Soggetti: | |
| Tags: |
Nessun Tag, puoi essere il primo ad aggiungerne!!
|
MARC
| LEADER | 00000nlm a2200000 4500 | ||
|---|---|---|---|
| 001 | 0288444 | ||
| 005 | 20260227092556.3 | ||
| 020 | |a 978-80-7556-112-1 | ||
| 041 | 0 | |a slo | |
| 044 | |a CZ | ||
| 245 | 1 | 0 | |a Výber terminologických záznamov z poľovníckej zoológie a biológie |c Zuzana Gašová ; recenzentky/Gutachterinnen: Jana Rakšányiová, Oľga Wrede |
| 250 | |a 1. vydanie | ||
| 264 | 1 | |a České Budějovice |b Vysoká škola evropských a regionálních studií |c 2022 | |
| 300 | |a CD-ROM 153 s. [5,78 AH] | ||
| 610 | 2 | 0 | |a terminológia |
| 610 | 2 | 0 | |a pojmy |
| 610 | 2 | 0 | |a poľovníctvo |
| 610 | 2 | 0 | |a zvieratá |
| 610 | 2 | 0 | |a biológia |
| 610 | 2 | 0 | |a slovníky |
| 610 | 2 | 0 | |a zásoba slovná |
| 100 | 1 | |a Gašová, Zuzana, 1977- | |
| 700 | 1 | |a Rakšányiová, Jana | |
| 700 | 1 | |a Wrede, Oľga | |